Célébrités habitant Neuilly-sur-Seine - Statistiques

Statistiques générales
  • Ce quiz a été pris 100 fois
  • Le résultat moyen est 2 sur 9
Statistiques - réponses
Hint Réponse % Correct
Footballeur(Argentin) Lionel Messi
97%
Footballeur(Brésilien) Marquinhos
36%
Coiffeur Franck Provost
13%
Chroniqueur Benjamin Castaldi
3%
Footballeur(Italien) Marco Verrati
3%
Acteur/Chanteur Patrick Bruel
3%
Dentiste Le mec D'Oral B
1%
Youtubeur Le Rire Jaune
1%
Ingénieur/Doctorant électronique Thabault
0%
Aucun quiz correspondant
Distribution des résultats
% des personnes avec chaque résultat
Percentile par nombre de réponses
Votre historique - résultats
Vous n’avez pas pris ce quiz